A echarpe / (Record no. 59)

MARC details
000 -LÍDER
campo de controle de tamanho fixo 01457nam a2200301 4500
001 - NÚMERO DE CONTROLE
campo de controle 59
003 - IDENTIFICADOR DO NÚMERO DE CONTROLE
campo de controle OSt
005 - DATA E HORÁRIO DA ÚLTIMA TRANSAÇÃO
campo de controle 20250528074010.0
008 - CAMPO DE DADOS FIXOS--INFORMAÇÃO GERAL
campo de controle de tamanho fixo 250122b |||||||e |||| 00| 1 eng d
040 ## - FONTE DA CATALOGAÇÃO
Idioma da catalogação por
041 ## - CÓDIGO DE IDIOMA
Código do idioma do original e/ou traduções intermediárias do texto eng
Código do idioma do texto/trilha sonora ou título diferente por
082 ## - CDD - CLASSIFICAÇÃO DECIMAL DE DEWEY
Número de Classificação 813
Número do exemplar B651e
100 1# - ENTRADA PRINCIPAL--NOME PESSOAL
Nome pessoal Bloch, Robert,
Datas associadas ao nome 1917-1994
9 (RLIN) 156
240 ## - TÍTULO UNIFORME
Título uniforme The scarf
245 ## - TÍTULO
Título A echarpe /
Indicação de responsabilidade, etc. Bloch, Robert ; Tradução de Aurea Weissenberg
260 ## - PUBLICAÇÃO, DISTRIBUIÇÃO, ETC.
Local de publicação, distribuição, etc. Rio de Janeiro
Nome do editor, distribuidor, etc. Record
Data da publicação, distribuição, etc. 1966
300 ## - DESCRIÇÃO FÍSICA
Extensão 156 p.
520 ## - NOTA DE RESUMO, ETC.
Resumo, etc. Uma história de horror, escrita pelo famoso autor de "PSICOSE"!<br/><br/>Daniel é um serial killer diferente. Ele tem remorso, sofre de paranoia, tem crises existenciais. É um escritor em ascensão que vagueia com desenvoltura pelo mundo editorial, mas sua vida pessoal é um caos. Ele mata quem se interponha em seu caminho, mas à cada crime se afunda mais e aos poucos perde o controle dos acontecimentos. Isso porque ele não é um psicopata, que comete assassinatos com uma frieza cirúrgica. Ele é uma alma atormentada, com um acontecimento mal resolvido em seu passado envolvendo uma professora, a dona da echarpe que o acompanha e é a arma que usa em seus crimes.
650 #0 - ASSUNTO--TERMO TÓPICO
Cabeçalho tópico ou nome geográfico Literatura Americana
9 (RLIN) 84
650 #0 - ASSUNTO--TERMO TÓPICO
Cabeçalho tópico ou nome geográfico Romance Policial
9 (RLIN) 11
650 #0 - ASSUNTO--TERMO TÓPICO
Cabeçalho tópico ou nome geográfico Terror
9 (RLIN) 141
650 #0 - ASSUNTO--TERMO TÓPICO
Cabeçalho tópico ou nome geográfico Serial Killer
9 (RLIN) 157
650 #0 - ASSUNTO--TERMO TÓPICO
Cabeçalho tópico ou nome geográfico Crime e Investigação
9 (RLIN) 13
655 #0 - TERMO DE ÍNDICE--GÊNERO E FORMA
Gênero/forma/ou termo foco Romance
655 #0 - TERMO DE ÍNDICE--GÊNERO E FORMA
Gênero/forma/ou termo foco Ficção
700 ## - ENTRADA ADICIONADA - NOME PESSOAL
Nome pessoal Aurea Weissenberg
Função do autor por extenso Tradutor
9 (RLIN) 153
942 ## - ELEMENTOS DE ENTRADA ADICIONADOS (KOHA)
Fonte de classificação ou esquema de arquivamento Classificação decimal de Dewey
Ocultar no OPAC Não
Tipo de material Koha Livros
Holdings
Situação do descarte Situação das perdas Fonte de classificação ou esquema de arquivamento Status danificado Não pode ser emprestado Coleção Biblioteca de origem Biblioteca atual Localização na estante Data de aquisição Fonte de aquisição Total de empréstimos Número de chamada completo Código de barras Data de último acesso Data do preço efetivo Tipo de material Koha
    Classificação decimal de Dewey     Ficção Biblioteca Professor Eduardo Afonso de Castro Biblioteca Professor Eduardo Afonso de Castro Literatura Estrangeira 17.02.2021 doação   813 / B651e 2025-16626 22.01.2025 22.01.2025 Livros

Powered by Koha